Premier League Appearances by Nationality: Israel - Statistics

General Stats
  • This quiz has been taken 6 times
  • The average score is 3 of 10
Answer Stats
Appearances Player % Correct
194 Yossi Benayoun
100%
147 Tal Ben Haim
40%
6 Dekel Keinan
20%
146 Eyal Berkovic
20%
18 Itay Shechter
20%
24 Manor Solomon
20%
118 Ronny Rosenthal
20%
49 Tamir Cohen
20%
16 Tomer Hemed
20%
9 Walid Badir
20%
No matching quizzes found
Score Distribution
Percent of People with Each Score
Percentile by Number Answered
Your Score History
You have not taken this quiz